000 00586nam a2200181 4500
001 133003
003 ES-MaACL
005 20230906194312.0
007 t|
008 070214s1970 sp r ||||1| spa d
100 1 _aRoss, Michael D. H.
_999818
245 1 0 _aAsí se organiza la venta al detall /
_cMichael D. H. Ross ; traducción de Gonzalo Martínez Arteaga, Javier Miranda.
260 _aSalamanca :
_bAnaya,
_c1970.
300 _a212 p. ;
_c18 cm.
700 1 _aMartínez Arteaga, Gonzalo.
_977869
700 1 _aMiranda, Javier.
_981523
852 _aES-MaACL
_jC-44288
_bR.76259
999 _c133003
_d133003